| 000 | 01284nam a22002777a 4500 | ||
|---|---|---|---|
| 005 | 20121107142446.0 | ||
| 008 | 090408t xxu||||| |||| 00| 0 hin d | ||
| 010 | _aHIN-97367 | ||
| 020 |
_a9789350722765 _c200.00 |
||
| 035 | _aHN-69713 | ||
| 037 | _bDBAD / PUB | ||
| 040 |
_aDPL _bHN |
||
| 082 | _aक | ||
| 100 |
_927482 _aमण्टो, सआदत हसन |
||
| 245 |
_aबर्मी लड़की / _cसआदत हसन मण्टो |
||
| 246 |
_aBarmi Ladki _bby Saadat Hasan Manto |
||
| 260 |
_aनई दिल्ली _bवाणी प्रकाशन _c2012 |
||
| 270 |
_a4695, 21-ए, दरियागंज _bनई दिल्ली _e110002 _k9111 2327317 _mvaniprakashan.in _l91 11 23275710 |
||
| 300 |
_a104पृ. _c22 सेमी (सजिल्द) |
||
| 490 |
_aमण्टो अब तक-20 _953558 |
||
| 650 | _91169 | ||
| 700 | _927483 | ||
| 942 |
_adpl _cHN _2ddc _mमण्टोस _hक |
||
| 999 |
_c71324 _d71324 |
||